Wing leader

保存先:
書誌詳細
第一著者: Johnson, Johnnie (著者)
フォーマット: 図書
言語:英語
出版事項: Londres Reprint Society 1958
版:1a. ed
主題:
タグ: タグ追加
タグなし, このレコードへの初めてのタグを付けませんか!

MARC

LEADER 00000nam a2200000 a 4500
001 UCJ9384
003 CL-VaPUC
008 070316e19580000UK |||||||||||||||||eng|d
082 0 4 |a 823  |b JOH  |2 21 
100 0 |a Johnson, Johnnie  |e author  |9 519362 
245 1 0 |a Wing leader 
250 |a 1a. ed 
300 |a 320 p 
942 |c BK 
945 |d 20070316 00:00:00  |a cmena 
260 |a Londres  |b Reprint Society  |c 1958 
650 0 |a Novelas inglesas  |9 265220 
650 0 |a Literatura inglesa  |9 312907 
650 0 |a Novelas históricas   |9 342315 
650 0 |a Autobiografías   |9 265171 
583 |a last modification  |c 20070316 00:00:00  |k Rodrigo Vera 
999 |c 324914  |d 324912 
952 |0 0  |1 0  |4 0  |6 823_000000000000000_JOH_1958  |7 0  |8 A  |9 405304  |a BIBEDU  |b BIBEDU  |d 2019-11-22  |i 4325419  |o 823 JOH 1958  |p 4325419  |r 2019-11-22  |w 2019-11-22  |y BK  |k LIT